Datum a čas kvízu
45
Celkem bodů
Celkový počet nahraných bodů na tomto kvízu bez doplňovacích otázek.
1.
Pořadí na kvízu
Konečné umístění týmu na tomto kvízu.
Zaznamenané odpovědi
| # | Otázka | Odpověď | Body | Výsledky |
|---|---|---|---|---|
| 1. | Centrum pro výzkum veřejného m... | 1 | ||
| 2. | Polská policie musela ve střed... | 1 | ||
| 3. | V letošní písňové soutěži Euro... | 1 | ||
| 4. | Obchodní řetězec Penny začal p... | 1 | ||
| 5. | Fotbalisté jistého klubu vytvo... | 1 | ||
| 6. | Také se Vám někdy stane, že v... | 1 | ||
| 7. | Napište slovo s českým slovním... | 1 | ||
| 8. | Vzpomeňte si na jednu dříve ho... | 0 | ||
| 9. | Ve filmu Tajemství hradu v Kar... | 0 | ||
| 10. | Jaký je význam slova frigidní,... | 0 |